| 000 | 00889nam a22003017a 4500 | ||
|---|---|---|---|
| 003 | CHAP | ||
| 005 | 20220329140201.0 | ||
| 008 | 971013s1967 r 00010 d | ||
| 010 | _a48217 | ||
| 011 | _a49189 | ||
| 035 | _a53337 | ||
| 040 | _cCHAP | ||
| 082 |
_a338.372 _bF3 1945-1966 |
||
| 110 |
_aFAO. Centro de Documentación _939472 |
||
| 245 |
_aPesca _b: índice 1945-1966 |
||
| 260 |
_aRoma : _bFAO, _c1967 |
||
| 300 | _a231 p. | ||
| 490 | _aPU:DC/Sp. 2, 1967 | ||
| 590 |
_aBATCH-UPD _b10 _c20130110 _lUCH01 _h2234 |
||
| 590 |
_aBATCH-UPD _b10 _c20130410 _lUCH01 _h1529 |
||
| 590 |
_aBATCH-UPD _b10 _c20130914 _lUCH01 _h1909 |
||
| 590 |
_aCONVERSION _b10 _c20130109 _lUCH01 _h1326 |
||
| 650 | 1 | 4 |
_aPesquería _xBibliografía. _987504 |
| 830 | 0 |
_aPU:DC/Sp. 2, 1967 _992657 |
|
| 901 | _aBK | ||
| 942 | _cLIBRO | ||
| 949 |
_a338.372 F3 1945-1966 _bBC _cFAO _d-118342 _eFAO1 _h8905 _i53337 _si |
||
| 999 |
_c48217 _d48217 |
||